Eighteenth annual IEEE Semiconductor thermal measurement and management symposium SEMI-THERM proceedings 2003 : San Jose, CA, USA, March 12-14,2002

Sparad:
Bibliografiska uppgifter
Materialtyp: Bok
Språk:Undetermined
Publicerad: Piscataway, N.J.: IEEE 2002
Ämnen:
Taggar: Lägg till en tagg
Inga taggar, Lägg till första taggen!
Thư viện lưu trữ: Trung tâm Học liệu Trường Đại học Cần Thơ
LEADER 00620nam a2200181Ia 4500
001 CTU_122363
008 210402s9999 xx 000 0 und d
082 |a 621.3815 
082 |b E34 
245 0 |a Eighteenth annual IEEE Semiconductor thermal measurement and management symposium 
245 0 |b SEMI-THERM proceedings 2003 : San Jose, CA, USA, March 12-14,2002 
260 |a Piscataway, N.J.: 
260 |b IEEE 
260 |c 2002 
650 |a Semiconductors,Semiconductors 
650 |x Cooling,Congresses,Thermal properties,Congresses 
904 |i M.Loan 
980 |a Trung tâm Học liệu Trường Đại học Cần Thơ